ballon d'or mort subite - Statistiques

Statistiques générales
  • Ce quiz a été pris 306 fois
  • Le résultat moyen est 11 sur 16
Answers on the Grid
Answers color-coded by a green-red scale on the quiz's grid according to % correct below.
Stanley Matthews
Raymond Kopa
Alfredo Di Stefano
Lev Yachine
Gerd Müller
Johan Cruyff
George Weah
Rodri
Luka Modric
Karim Benzema
Kakà
Pavel Nedved
Andriy Chevtchenko
Michael Owen
Bobby Charlton
Ousmane Dembélé
Andres Iniesta
Thierry Henry
Paolo Maldini
Roberto Carlos
Steven Gerrard
Frank Rijkaard
Xavi
Samuel Eto’o
David Beckham
Robert Lewandowski
Pelé
Lamine Yamal
Didier Drogba
Franco Baresi
 
Statistiques - réponses
Réponse % Correct
Ousmane Dembélé
81%
Kakà
79%
Karim Benzema
79%
Luka Modric
77%
Johan Cruyff
74%
Pavel Nedved
74%
Rodri
74%
Andriy Chevtchenko
72%
George Weah
71%
Lev Yachine
68%
Michael Owen
67%
Alfredo Di Stefano
64%
Gerd Müller
59%
Raymond Kopa
58%
Bobby Charlton
54%
Stanley Matthews
44%
Aucun quiz correspondant
Distribution des résultats
% des personnes avec chaque résultat
Percentile par nombre de réponses
Votre historique - résultats
Vous n’avez pas pris ce quiz